000 00280nam a22001337a 4500
008 170411b xxu||||| |||| 00| 0 eng d
020 _a0721638090
041 _aeng
080 _a612.39
100 _a9
101 _ashm
245 _aINFANT NUTRITION
_cFOMON
942 _2udc
_cBK
999 _c10344
_d10344